000 00215nam a2200109Ia 4500
100 _a#N/A
942 _cBK
654 _aembedded software
245 _aEmbedded Software Primer
260 _b#N/A
546 _aENGLISH
999 _c22285
_d22285